| 000 | 00477nam a2200181Ia 4500 | ||
|---|---|---|---|
| 008 | 180424s9999 xx 000 0 und d | ||
| 020 | _a130036242 | ||
| 084 | _a155.42 A1 | ||
| 100 | _a"Ashley, Rosalind Minor" | ||
| 245 | 0 | _aActivities for Motivating and Teaching Bright Children | |
| 250 | _a\\197300ENGGPSX | ||
| 260 | _aPrentice Hall | ||
| 260 | _b1973 | ||
| 260 | _cEnglewood Cliffs | ||
| 300 | _a204p | ||
| 500 | _aincludes index and biblioraphy | ||
| 942 | _cBK | ||
| 999 |
_c29921 _d29921 |
||